[Event "HCL-E1556"]
[Site "www.playchess.de"]
[Date "2006.02.02"]
[Round "18"]
[White "Bauarbeiter"]
[Black "hal1958"]
[WhiteElo "1767"]
[BlackElo "1427"]
[PlyCount "77"]
[Result "1-0"]

1.d4 {Hi. Nice to meet you. Good luck.}  Nf6 {have 
a nice game}  2.c4 c5 3.d5 e6 4.Nc3 exd5 5.cxd5 d6 
6.e4 a6 7.Bg5 Be7 8.Nf3 b5 9.a3 O-O 10.b4 c4 
11.Be2 h6 12.Bh4 Bg4 13.h3 Bh5 14.O-O Nbd7 15.Re1 
Bxf3 16.Bxf3 Ne5 17.Be2 Ng6 18.Bg3 Nd7 19.Qd2 Nde5 
20.f4 Nd7 21.Bh5 Bh4 22.Qf2 Bxg3 23.Qxg3 Qh4 
24.Qxh4 Nxh4 25.g3 Ng6 26.Bxg6 fxg6 27.Ra2 Rae8 
28.Rae2 h5 29.h4 Kf7 30.e5 dxe5 31.fxe5 Nb6 32.d6 
Ke6 33.R2e3 Nd7 34.Kg2 Rf5 35.a4 Rb8 36.axb5 axb5 
37.Ne4 Kxe5 38.Rd1 {What a move !? I think each 
other move has been better.}  Nb6 
39.Ng5+ 1-0

[Event "HCL-C3974"]
[Site "www.playchess.de"]
[Date "2006.02.02"]
[Round "9"]
[White "Kannsnich"]
[Black "arsenius"]
[WhiteElo "1057"]
[BlackElo "875"]
[PlyCount "101"]
[Result "1-0"]

1.c4 e6 2.Nc3 d5 3.cxd5 exd5 4.d4 c6 5.Nf3 Nf6 
6.g3 Be7 7.Bg2 O-O 8.O-O Bg4 9.Re1 Nbd7 10.h3 Bh5 
11.g4 Bg6 12.Nh4 Be4 13.Nf3 Bb4 14.Bd2 Nb6 15.b3 
Nfd7 16.Rc1 Bxf3 17.Bxf3 Bd6 18.Rc2 Nf6 19.Bg5 Be7 
20.Bh4 Qd6 21.Bg3 Qd8 22.Bg2 Bd6 23.Qd3 Bxg3 
24.Qxg3 Nbd7 25.e3 Re8 26.Rec1 a5 27.Bf3 Ne4 
28.Qg2 Ndf6 29.g5 Nd7 30.Nxe4 dxe4 31.Bxe4 Nf8 
32.Bf3 Ng6 33.Qg3 f6 34.gxf6 Qxf6 35.Bg2 Ref8 
36.d5 cxd5 37.Bxd5+ Kh8 38.Bxb7 Rab8 39.Bg2 Nh4 
40.R2c4 Nxg2 41.Qxg2 Rbd8 42.Rf4 Qg6 43.Rxf8+ Rxf8 
44.Qxg6 hxg6 45.Kg2 Rd8 46.Rc2 Kg8 47.Kf3 Kf7 
48.Kg4 Rd5 49.e4 Re5 50.Rc4 Rb5 
51.f4 1-0

[Event "ACL-T164"]
[Site "www.playchess.de"]
[Date "2006.02.02"]
[Round "5"]
[White "Kimura"]
[Black "Walter"]
[WhiteElo "1856"]
[BlackElo "1799"]
[PlyCount "38"]
[Result "1/2-1/2"]

1.e4 Nc6 2.d4 d5 3.e5 Bf5 {Hi..Let the games begin 
..again!}  4.Nf3 e6 5.c3 {Hello and good luck!}  
Nge7 6.Bd3 Bxd3 7.Qxd3 Ng6 8.Be3 f6 9.exf6 gxf6 
10.Nbd2 Qd7 11.O-O-O O-O-O 12.h4 e5 13.h5 e4 
14.Qc2 Nge7 15.Nh4 Qg4 16.f3 exf3 17.gxf3 Qxh5 
18.Rdg1 Qf7 19.Nb3 Re8 {(offering draw)} 
 1/2-1/2

[Event "HCL-M844"]
[Site "www.playchess.de"]
[Date "2006.02.02"]
[Round "16"]
[White "ktln2001"]
[Black "temple"]
[WhiteElo "1688"]
[BlackElo "1794"]
[PlyCount "53"]
[Result "1-0"]

1.c4 {Greetings from Kentucky in the United 
States.}  Nf6 {Hello from Canada.}  2.g3 g6 3.Bg2 
Bg7 4.Nc3 O-O 5.d3 e5 6.e4 b6 7.Nge2 Bb7 8.O-O c6 
9.f4 d6 10.b3 Nbd7 11.Bb2 c5 12.f5 a6 13.a4 Nb8 
14.Bc1 Nc6 15.h3 Qc7 16.g4 {Realize that I was 
remiss in wishing you a Merry Christmas. Have a 
happy new year with much good chess!}  h6 {Happy 
New Year to You too!}  17.Be3 Nd4 18.Ng3 Kh7 19.h4 
Ng8 20.g5 Rfe8 21.fxg6+ fxg6 22.h5 Ref8 23.hxg6+ 
Kxg6 24.Qh5+ Kh7 25.Nf5 Qf7 26.Qxf7 Rxf7 
27.g6+ 1-0

[Event "ACL-T171"]
[Site "www.playchess.de"]
[Date "2006.02.02"]
[Round "2"]
[White "Walter"]
[Black "Kimura"]
[WhiteElo "1920"]
[BlackElo "1856"]
[PlyCount "39"]
[Result "1/2-1/2"]

1.e4 e5 2.Nf3 Nc6 3.Bb5 f5 4.Nc3 {Hi...Let the 
games begin...}  fxe4 {Ok}  5.Nxe4 d5 6.Nxe5 dxe4 
7.Nxc6 Qg5 8.Qe2 Nf6 9.f4 Qxf4 10.Nxa7+ Bd7 
11.Bxd7+ Kxd7 12.Qb5+ Ke6 13.Qb3+ Kd7 14.g3 Qe5 
15.Qxb7 Bc5 16.Qb5+ Kd6 17.Qa6+ Bb6 18.Qa3+ Kd7 
19.Qa4+ Ke6 20.Qc6+ {(offering draw)} 
 1/2-1/2

[Event "HCL-M844"]
[Site "www.playchess.de"]
[Date "2006.02.02"]
[Round "4"]
[White "temple"]
[Black "DePoelmeester"]
[WhiteElo "1794"]
[BlackElo "1636"]
[PlyCount "92"]
[Result "0-1"]

1.d4 {Hello from Canada,good luck.}  d5 {hi from 
Amsterdam, have a nice one!}  2.c4 c6 3.e3 Nf6 
4.Nc3 Bf5 5.Nf3 e6 6.Bd3 dxc4 7.Bxc4 Qa5 8.O-O Qc7 
9.Qe2 Bd6 10.e4 Bg4 11.e5 Bxf3 12.Qxf3 Bxe5 
13.dxe5 Qxe5 14.Bf4 Qh5 15.Qxh5 Nxh5 16.Bxb8 Rxb8 
17.Rad1 O-O 18.Rd2 Rfd8 19.Rxd8+ Rxd8 20.Rd1 Rxd1+ 
21.Nxd1 Kf8 22.g3 Nf6 23.f3 a6 {(offering draw)}  
24.Kf2 {I would like to play a bit longer.}  Nd5 
{ok, all the best 4 2006!}  25.Ne3 {Same to You.}  
Ke7 26.Nxd5+ cxd5 27.Bd3 g6 28.f4 f6 29.Ke3 e5 
30.fxe5 fxe5 31.b4 Kd6 32.Bc2 Kc6 33.a4 b6 34.Bb3 
a5 35.b5+ Kc5 36.h4 h6 37.Bc2 g5 38.hxg5 hxg5 
39.Bb3 Kd6 40.Kf3 e4+ 41.Kg4 Ke5 42.Kxg5 e3 {i 
guess that was not a good move....}  43.Bd1 Ke4 
44.g4 d4 45.Kh4 Kd3 46.g5 Kd2 0-1

[Event "HCL-C4091"]
[Site "www.playchess.de"]
[Date "2006.02.02"]
[Round "9"]
[White "SARADHI"]
[Black "ivofle"]
[WhiteElo "819"]
[BlackElo "812"]
[PlyCount "33"]
[Result "1-0"]

1.d4 d5 2.e3 a6 3.c4 Nf6 4.Nc3 Bg4 5.Be2 Bf5 6.Nf3 
Nc6 7.a3 e6 8.cxd5 exd5 9.O-O Bd6 10.Nh4 Nxd4 
11.Qxd4 O-O 12.Nxf5 c5 13.Qh4 d4 14.exd4 cxd4 
15.Qxd4 Nh5 16.Bxh5 Rc8 17.Qxg7+ 1-0

[Event "HCL-C4072"]
[Site "www.playchess.de"]
[Date "2006.02.02"]
[Round "3"]
[White "Grunert"]
[Black "HoshiX"]
[WhiteElo "959"]
[BlackElo "361"]
[PlyCount "23"]
[Result "1-0"]

1.d4 d5 2.e3 Nc6 3.Nf3 Nf6 4.g3 b5 5.Bg2 e6 6.Nc3 
a6 7.O-O h5 8.Bd2 b4 9.Ne2 g5 10.b3 a5 11.Nxg5 Ne4 
12.Nxe4 1-0

[Event "HCL-E1530"]
[Site "www.playchess.de"]
[Date "2006.02.02"]
[Round "18"]
[White "Emerson"]
[Black "Alex87"]
[WhiteElo "1811"]
[BlackElo "2100"]
[PlyCount "25"]
[Result "1-0"]

1.d4 {welcome and greetings! Let´s have a good 
match!}  Nf6 {hi! Thank's, and good luck!}  2.e3 
g6 3.Bd3 {Happy New Year!}  Bg7 4.Nd2 O-O 5.c3 d6 
6.Ne2 e5 7.O-O Nbd7 8.Rb1 Re8 9.Ng3 c6 10.b4 h5 
11.f3 Nd5 12.Qb3 exd4 13.exd4 1-0

[Event "HCL-C4065"]
[Site "www.playchess.de"]
[Date "2006.02.02"]
[Round "2"]
[White "ocluanain"]
[Black "mudelta"]
[WhiteElo "1040"]
[BlackElo "1125"]
[PlyCount "96"]
[Result "0-1"]

1.Nf3 {hello again.  good luck.}  d5 2.g3 c5 3.Bg2 
Nc6 4.O-O e5 5.d3 Nf6 6.Nbd2 Be7 7.b3 O-O 8.Bb2 
Qc7 9.e4 d4 10.c3 b5 11.b4 cxb4 12.c4 bxc4 13.Nxc4 
a5 14.Rc1 Bg4 15.Qd2 Qd8 16.Ncxe5 Nxe5 17.Nxe5 Qb6 
18.h3 Be6 19.Nf3 Bc5 20.e5 Nd5 21.Ng5 Rae8 22.Ne4 
Be7 23.f4 Nc3 24.Qf2 Nxa2 25.Bxd4 Qb5 26.Qxa2 Bxa2 
27.f5 Qxd3 28.Rcd1 Qb5 29.f6 Bc4 30.Rf5 g6 31.fxe7 
gxf5 32.Nf6+ Kg7 33.Nh5+ Kh6 34.exf8Q+ Rxf8 35.Bf3 
Be2 36.Be3+ f4 37.Bxf4+ Kg6 38.Rd6+ f6 39.Be4+ 
Kxh5 40.Be3 Qa4 41.Bd4 Qd1+ 42.Kf2 fxe5+ 43.Ke3 
exd4+ 44.Rxd4 Qg1+ 45.Kxe2 Qxd4 46.g4+ Kh4 47.g5 
Rf2+ 48.Ke1 {good game.}  Qd2+ {thx u2} 
 0-1

[Event "HCL-C4035"]
[Site "www.playchess.de"]
[Date "2006.02.02"]
[Round "10"]
[White "EdDaChed"]
[Black "IRONMAIDEN"]
[WhiteElo "1079"]
[BlackElo "1469"]
[PlyCount "79"]
[Result "1-0"]

1.e4 e5 2.Nf3 Nc6 3.Bc4 f6 4.Nc3 b6 5.Nb5 a6 6.Nc3 
Bb7 7.d4 exd4 8.Nxd4 Nxd4 9.Qxd4 Bc5 10.Qd2 d6 
11.Nd5 c6 12.Nf4 b5 13.Be6 Ne7 14.Qe2 Bc8 15.Qh5+ 
g6 16.Qh6 Bxe6 17.Nxe6 Kd7 18.Nxd8 Raxd8 19.O-O 
Kc7 20.Qg7 Rde8 21.Qxf6 Rhf8 22.Qc3 Bb6 23.g3 Nc8 
24.Re1 Bxf2+ 25.Kg2 Bxe1 26.Qxe1 Re6 27.Bg5 Nb6 
28.Rd1 Rfe8 29.Qb4 c5 30.Qd2 Nc4 31.Qf4 R6xe4 
32.Qf7+ Kc6 33.Bf4 R8e7 34.Qd5+ Kb6 35.Qg5 R7e6 
36.b3 R4e2+ 37.Kh3 R6e8 38.bxc4 b4 39.Rxd6+ Ka5 
40.Qxc5+ 1-0

[Event "HCL-B3686"]
[Site "www.playchess.de"]
[Date "2006.02.02"]
[Round "4"]
[White "sripradeep"]
[Black "vangogh"]
[WhiteElo "1555"]
[BlackElo "1200"]
[PlyCount "56"]
[Result "0-1"]

1.Nc3 Nf6 2.e4 e5 3.Nf3 d5 4.exd5 Nxd5 5.Nxe5 Nxc3 
6.bxc3 Be6 7.Be2 Bc5 8.O-O O-O 9.d4 Bd6 10.Bf3 c6 
11.Re1 Nd7 12.Rb1 Rb8 13.Nxd7 Qxd7 14.a4 Rfe8 
15.Bg5 h6 16.Bh4 Bc4 17.Bg3 Rxe1+ 18.Qxe1 Re8 
19.Qd2 Bxg3 20.hxg3 a5 21.Re1 Rxe1+ 22.Qxe1 b5 
23.Qa1 Qc7 24.Qa3 Qb6 25.g4 bxa4 26.Qxa4 Bb5 
27.Qb3 a4 28.Qb4 Qa7 0-1

[Event "HCL-A2583"]
[Site "www.playchess.de"]
[Date "2006.02.02"]
[Round "3"]
[White "jerrylaine"]
[Black "lunchpail"]
[WhiteElo "1592"]
[BlackElo "1391"]
[PlyCount "61"]
[Result "1-0"]

1.e4 e5 {we meet again. good luck, sir}  2.Nf3 
{SamE to You}  d6 3.Bc4 Be7 4.O-O Nf6 5.d3 O-O 
6.c3 Be6 7.Qb3 Bxc4 8.Qxc4 Nc6 9.Re1 d5 10.exd5 
Na5 11.Qb5 b6 12.c4 Bd6 13.Nxe5 a6 14.Qa4 Re8 
15.Nf3 Rxe1+ 16.Nxe1 Qe7 17.Qd1 Re8 18.Nf3 Qd7 
19.h3 Nb7 20.Bg5 Nh5 21.Nd4 g6 22.Nc3 Bc5 23.Be3 
Nd6 24.Qf3 Bxd4 25.Bxd4 Nf5 26.Be3 Nxe3 27.fxe3 
Qd6 28.Ne4 Qe5 29.g4 Qxb2 30.Rf1 Ng7 
31.Nf6+ 1-0

[Event "ACL-T160"]
[Site "www.playchess.de"]
[Date "2006.02.02"]
[Round "5"]
[White "Walter"]
[Black "BDG_Girl"]
[WhiteElo "1920"]
[BlackElo "1761"]
[PlyCount "20"]
[Result "0-1"]

1.f4 e5 2.fxe5 d6 3.exd6 Bxd6 4.Nf3 g5 5.g3 g4 
6.Nh4 Ne7 7.e4 Nbc6 8.Be2 Ng6 9.Nf5 Bxf5 10.exf5 
{(offering draw)}  Nge5 0-1

[Event "HCL-A2578"]
[Site "www.playchess.de"]
[Date "2006.02.02"]
[Round "7"]
[White "Alex77"]
[Black "torbalan"]
[WhiteElo "1372"]
[BlackElo "1314"]
[PlyCount "53"]
[Result "1-0"]

1.e4 d5 2.exd5 Qxd5 3.Nc3 Qd8 4.Nf3 c6 5.d4 h6 
6.Bc4 Nd7 7.O-O Ngf6 8.Re1 Nb6 9.Bb3 e6 10.Ne5 Bd6 
11.Bf4 O-O 12.Qf3 Kh7 13.Ne4 Nxe4 14.Qxe4+ f5 
15.Qf3 Qh4 16.Ng6 Kxg6 17.Bxd6 Rf7 18.Bxe6 Rf6 
19.Bxc8 Rxc8 20.Be5 Rf7 21.Bg3 Qxd4 22.Rad1 Qxb2 
23.Be5 Qxc2 24.Rd6+ Kh7 25.Qh5 Qxa2 26.Bxg7 Rxg7 
27.Rxh6+ 1-0

[Event "HCL-A2475"]
[Site "www.playchess.de"]
[Date "2006.02.02"]
[Round "4"]
[White "hreed"]
[Black "Jule"]
[WhiteElo "1452"]
[BlackElo "1417"]
[PlyCount "101"]
[Result "1-0"]

1.e4 {greetings from Boston - good chess!}  e5 
{Thank you and good luck with greetings from 
Hambourg}  2.Nf3 d6 3.d4 exd4 4.Nxd4 Nf6 5.Nc3 h6 
6.Bc4 Be7 7.O-O O-O 8.Nf5 Bxf5 9.exf5 Nc6 10.Nd5 
Nxd5 11.Bxd5 Rb8 12.Qg4 Ne5 13.Qg3 Kh7 14.Bf4 Bf6 
15.Rad1 Bh4 16.Qe3 Ng4 17.Qh3 Nxf2 18.Rxf2 Bxf2+ 
19.Kxf2 f6 20.Qh5 Qe8 21.Qf3 Qd8 22.Bxb7 Re8 23.b3 
Re7 24.Bc6 Rb6 25.Be3 Ra6 26.Ba4 Qc8 27.Bd4 c5 
28.Bb2 Qc7 {I wish happy Christmas. And all your 
wishes ´ld like to arrive you and your family}  
29.Qg3 {Merry Christmas to you too!}  c4 30.Kf1 
Qc5 31.Qg6+ Kg8 32.Qg3 Qxf5+ 33.Qf2 Qxf2+ 34.Kxf2 
Re4 35.Re1 Rxe1 36.Kxe1 d5 37.Kd2 Kf7 38.Bd4 Ke6 
39.Ke3 g5 40.c3 f5 41.g3 h5 42.h4 f4+ 43.gxf4 gxh4 
44.Kf3 Kf5 45.Bd7+ Kg6 46.f5+ Kf7 47.Be6+ Ke7 
48.Bxd5 Rxa2 49.f6+ Kf8 50.Bc5+ Ke8 
51.f7+ 1-0

[Event "HCL-B3743"]
[Site "www.playchess.de"]
[Date "2006.02.02"]
[Round "15"]
[White "Cosmonauta"]
[Black "GCP"]
[WhiteElo "1124"]
[BlackElo "1523"]
[PlyCount "121"]
[Result "1-0"]

1.e4 d6 {hello from Rome, good game.}  2.Nf3 {Hi 
from Bogota, come stai? thx, the same to you}  Bg4 
{do you know Italian ? i suppose for a lot of 
tourist going in Colombia...}  3.h3 {yes, a lot of 
italian women, they are good teachers!!!!}  Bh5 
{;))}  4.Bc4 Nc6 5.O-O Nf6 6.d3 Nd4 7.g4 Nxf3+ 
8.Qxf3 Bg6 9.h4 h5 10.g5 Nd7 11.Na3 Ne5 12.Qg3 
Nxc4 13.Nxc4 e5 14.Be3 Qd7 15.Na5 b6 16.Nc4 Be7 
17.d4 O-O-O 18.f3 Bh7 19.d5 g6 20.f4 f6 21.fxe5 
fxe5 22.a4 Rdf8 23.a5 b5 24.Na3 a6 25.Rac1 Rxf1+ 
26.Kxf1 Rf8+ 27.Ke2 Qg4+ 28.Qxg4+ hxg4 29.Rg1 Kd7 
30.c3 Rh8 31.Nc2 Bg8 32.Nb4 Rxh4 33.Nxa6 Rh2+ 
34.Kd3 Rxb2 35.Nb4 Rh2 36.Ra1 Kc8 37.a6 Kb8 
38.Nc6+ Ka8 39.Nxe7 Bf7 40.Rb1 Ra2 41.a7 Be8 42.c4 
Ra3+ 43.Ke2 Rxe3+ 44.Kxe3 Kxa7 45.cxb5 Kb6 46.Ng8 
Bxb5 47.Ne7 Ka6 48.Nxg6 c6 49.dxc6 Bxc6 50.Ne7 Be8 
51.Rb8 Bf7 52.Rd8 g3 53.Rxd6+ Kb5 54.Rd1 Kc5 
55.Rg1 Kd6 56.Nf5+ Ke6 57.Rxg3 Bg6 58.Nh4 Bh7 
59.g6 Bg8 60.Nf5 Kf6 61.g7 1-0

[Event "HCL-A2571"]
[Site "www.playchess.de"]
[Date "2006.02.02"]
[Round "1"]
[White "mbueno"]
[Black "janaj"]
[WhiteElo "1529"]
[BlackElo "1238"]
[PlyCount "53"]
[Result "1/2-1/2"]

1.d4 {Good luck in the game and the tournament. 
Greeting from Brasil.}  d5 {Greetings from Munich, 
Germany! Much fun!}  2.Nf3 g6 3.Bf4 Bg7 4.Nc3 Nc6 
5.e3 h6 6.h4 Nf6 7.Bd3 O-O 8.Qe2 Bg4 9.a3 h5 
10.Qd2 Bxf3 11.gxf3 Nh7 12.O-O-O e6 13.Rdg1 Na5 
14.Nb5 c6 15.Nc7 Nc4 16.Bxc4 dxc4 17.Nxa8 Qxa8 
18.e4 Rd8 19.c3 Nf6 20.e5 Nd5 21.Bg5 Rd7 22.Bh6 
Qf8 23.Bxg7 Qxg7 24.Qg5 Kh7 25.Rg3 Qh6 26.Qxh6+ 
Kxh6 27.Kd2 {(offering draw)}  1/2-1/2

[Event "HCL-A2542"]
[Site "www.playchess.de"]
[Date "2006.02.02"]
[Round "15"]
[White "alvimrf"]
[Black "yannick"]
[WhiteElo "1784"]
[BlackElo "1596"]
[PlyCount "107"]
[Result "1-0"]

1.c4 Nf6 2.d4 c5 3.Nf3 cxd4 4.Nxd4 e6 5.Nc3 a6 
6.Bg5 Bb4 7.Qb3 Bxc3+ 8.Qxc3 O-O 9.Nf3 Ne4 10.Qe3 
Qa5+ 11.Nd2 Nxg5 12.b4 Qf5 13.g3 Qf6 14.Rd1 e5 
15.Bg2 Nc6 16.Bxc6 dxc6 17.h4 Ne6 18.Ne4 Qe7 
19.Nd6 Rd8 20.c5 Nf8 21.Rd2 f6 22.Qb3+ Be6 23.Qc3 
Rd7 24.O-O Rad8 25.Rfd1 Bg4 26.Qc4+ Qe6 27.Qc3 b6 
28.Kh2 Ng6 29.f3 Bh3 30.cxb6 R7xd6 31.R2xd6 Rxd6 
32.b7 Nf8 33.b8Q Rxd1 34.Qc5 Qc8 35.Qxc8 Bxc8 
36.Qxc6 Rd8 37.a4 Ne6 38.b5 axb5 39.axb5 Nd4 
40.Qc7 Re8 41.b6 Kf8 42.h5 Nxe2 43.Qc5+ Kf7 
44.Qc4+ Be6 45.Qxe2 Rb8 46.Qc2 Rb7 47.Qc6 Rxb6 
48.Qxb6 Ke7 49.g4 Kf7 50.Qd6 h6 51.Kg3 Ba2 52.Qc7+ 
Kf8 53.Qb8+ Ke7 54.Qa7+ 1-0

[Event "ACL-M065"]
[Site "www.playchess.de"]
[Date "2006.02.02"]
[Round "13"]
[White "Goofy"]
[Black "Lullo"]
[WhiteElo "1932"]
[BlackElo "2171"]
[PlyCount "68"]
[Result "1/2-1/2"]

1.d4 {hi again! good game! ;o))}  d5 {HI, have a 
nice game}  2.c4 dxc4 3.Nf3 Nf6 4.e3 e6 5.Bxc4 c5 
6.O-O a6 7.a4 Nc6 8.Qe2 cxd4 9.Rd1 Be7 10.Nc3 e5 
11.exd4 exd4 12.Nxd4 Nxd4 13.Qe5 Qd6 14.Qxd4 Qxd4 
15.Rxd4 Bc5 16.Rd1 Be6 17.Be2 O-O 18.Bg5 Rac8 
19.Bxf6 gxf6 20.Bf3 a5 21.Ne4 Be7 22.Nd6 Rc2 
23.Nxb7 Bb4 24.Nd8 Bc5 25.Kh1 Rxf2 26.Nc6 Bb3 
27.Rdf1 Rxf1+ 28.Rxf1 Bxa4 29.Nxa5 Rb8 30.Nb7 Bd4 
31.b4 Bc3 32.Rb1 Re8 33.Nd6 {(offering draw)}  Re6 
34.Ne4 Bc2 {(offering draw)}  1/2-1/2

[Event "HCL-E1544"]
[Site "www.playchess.de"]
[Date "2006.02.02"]
[Round "11"]
[White "hal1958"]
[Black "mrchess"]
[WhiteElo "1444"]
[BlackElo "1418"]
[PlyCount "107"]
[Result "1-0"]

1.b4 {Hallo Dirk, ook weer terug in E zie ik}  d5 
{eindelijk weer een maar zal niet van lange duur 
zijn denk ik}  2.Bb2 Bf5 3.e3 e6 4.a3 Nf6 5.Nf3 
Be7 6.c4 dxc4 7.Bxc4 O-O 8.O-O a6 9.h3 b5 10.Be2 
Nbd7 11.d3 Nb6 12.Nc3 Bg6 13.Nd4 Rc8 14.Nc6 Qd6 
15.Nxe7+ Qxe7 16.Bf3 Nfd5 17.Nxd5 exd5 18.Rc1 c6 
19.Bd4 Na4 20.Bc5 Nxc5 21.Rxc5 Rfd8 22.d4 Be4 
23.Qe2 Bxf3 24.Qxf3 Rd6 25.Rfc1 Qf6 26.Qxf6 Rxf6 
27.Rxd5 g6 28.Rd7 a5 29.d5 axb4 30.axb4 Kf8 
31.dxc6 Rcxc6 32.Rxc6 Rxc6 33.Rb7 Rc1+ 34.Kh2 Rc2 
35.Kg3 Rb2 36.Rxb5 h5 37.f4 Ke7 38.Kf3 f6 39.g4 
hxg4+ 40.hxg4 Kd7 41.Rb6 Ke7 42.Ke4 Rb3 43.g5 fxg5 
44.fxg5 Kf7 45.Kd4 Rb1 46.Ke5 Rf1 47.Rf6+ Rxf6 
48.gxf6 g5 49.b5 g4 50.Kf4 Kxf6 51.b6 g3 52.Kxg3 
Ke6 53.b7 {dat haal je niet meer, bedankt voor de 
partij}  Kd7 {nee ik had me verrekent helaas}  
54.b8Q 1-0

[Event "HCL-C4071"]
[Site "www.playchess.de"]
[Date "2006.02.02"]
[Round "12"]
[White "aussie"]
[Black "Gordon"]
[WhiteElo "1079"]
[BlackElo "961"]
[PlyCount "43"]
[Result "1-0"]

1.e4 c5 2.Nf3 Nc6 3.Bb5 Qb6 4.Nc3 a6 5.Bc4 e5 
6.O-O Nf6 7.d3 d6 8.Ng5 Be7 9.Nxf7 O-O 10.Nxd6+ 
Kh8 11.Nxc8 Raxc8 12.Be3 Qxb2 13.Na4 Qb4 14.c3 Qa3 
15.Bc1 Qxa4 16.Qxa4 b5 17.Bxb5 axb5 18.Qxb5 Ng4 
19.Ba3 Bh4 20.Bxc5 Nd8 21.Bxf8 Ne6 
22.Qd7 1-0

[Event "HCL-E1549"]
[Site "www.playchess.de"]
[Date "2006.02.02"]
[Round "1"]
[White "tuGGy"]
[Black "baggur"]
[WhiteElo "1521"]
[BlackElo "1631"]
[PlyCount "67"]
[Result "1-0"]

1.b4 e5 2.Bb2 d6 3.c4 f5 4.Nc3 Nf6 5.Nf3 Be6 6.e3 
h6 7.Be2 Nbd7 8.O-O Qe7 9.Qb3 b5 10.Nxb5 Nb6 11.a4 
a6 12.Nc3 g5 13.a5 Nbd7 14.d4 e4 15.Nd2 Bg7 16.f3 
exf3 17.gxf3 Kf7 18.d5 c5 19.b5 Ne5 20.dxe6+ Qxe6 
21.b6 Rab8 22.Nd5 Nxd5 23.cxd5 Qe7 24.Rab1 Qb7 
25.f4 gxf4 26.Rxf4 Kg6 27.Nf3 Nxf3+ 28.Bxf3 Rhg8 
29.Kf2 Bxb2 30.Qxb2 Rbf8 31.Rg1+ Kh7 32.Rxg8 Kxg8 
33.e4 fxe4 34.Rxf8+ 1-0

[Event "HCL-M821"]
[Site "www.playchess.de"]
[Date "2006.02.02"]
[Round "2"]
[White "maik42_"]
[Black "paolo"]
[WhiteElo "2187"]
[BlackElo "2018"]
[PlyCount "117"]
[Result "1/2-1/2"]

1.e4 {hallo and have fun}  e5 {hi}  2.Nf3 Nc6 
3.Bb5 a6 4.Ba4 Nf6 5.O-O Be7 6.Re1 b5 7.Bb3 O-O 
8.c3 d5 9.exd5 Nxd5 10.Nxe5 Nxe5 11.Rxe5 c6 12.d3 
Bd6 13.Re1 Qh4 14.g3 Qh3 15.Re4 Be6 16.Nd2 h6 
17.Qf3 Rfe8 18.Rh4 Qf5 19.Qxf5 Bxf5 20.Rd4 Bc7 
21.Bxd5 cxd5 22.Rxd5 Re1+ 23.Kg2 Be6 24.Rh5 Rd8 
25.d4 Bd5+ 26.f3 Kh7 27.Rxd5 Rxd5 28.Kf2 Re8 29.h4 
f5 30.a4 Rd7 31.Nf1 Rde7 32.Be3 g5 33.hxg5 hxg5 
34.f4 gxf4 35.gxf4 Kg6 36.axb5 axb5 37.Kf3 Rh8 
38.Ra6+ Kf7 39.Bf2 Rh1 {(offering draw)}  40.Kg2 
Rh7 41.Ne3 Re6 42.Ra7 Ke8 43.Rb7 Rg6+ 44.Kf3 Rh3+ 
45.Ke2 Bxf4 46.Nxf5 Re6+ 47.Kf1 Rf6 48.Rxb5 Kd7 
49.Kg2 Rh2+ 50.Kf3 Bc7 51.Be3 Rh3+ 52.Ke2 Rh5 
53.Rd5+ Ke6 54.Ng7+ Kxd5 55.Nxh5 Rf5 56.Ng7 Rf7 
57.Ne8 Bh2 58.Bg5 Rf5 59.Bd8 {(offering draw)} 
 1/2-1/2

[Event "HCL-C4005"]
[Site "www.playchess.de"]
[Date "2006.02.02"]
[Round "2"]
[White "Farquhart"]
[Black "Sporang"]
[WhiteElo "349"]
[BlackElo "1202"]
[PlyCount "82"]
[Result "1-0"]

1.e4 e5 2.d3 Nc6 3.Nf3 b5 4.d4 b4 5.c3 bxc3 6.Nxc3 
exd4 7.Nxd4 Nxd4 8.Qxd4 d6 9.Bb5+ Bd7 10.Qa4 Nf6 
11.Nd5 Bxb5 12.Qxb5+ Qd7 13.Qb7 Qd8 14.Qb5+ Qd7 
15.Qe2 Be7 16.Nf4 O-O 17.Nd5 Nxd5 18.exd5 Rfe8 
19.h4 Bf6 20.Be3 Rab8 21.b3 Bxa1 22.Kd2 Bd4 23.Rh3 
Bxe3+ 24.fxe3 Qb5 25.Qg4 Qb4+ 26.Qxb4 Rxb4 27.g4 
Rxg4 28.a3 Re5 29.Rf3 Rxd5+ 30.Ke2 Rg2+ 31.Rf2 
Rxf2+ 32.Kxf2 Rd3 33.Ke2 Rxb3 34.a4 Kf8 35.Kd2 Ke7 
36.Kc2 Rxe3 37.Kd2 Rh3 38.Ke2 Ke6 39.Kf2 Ke5 
40.Kg2 Ra3 41.a5 Kf4 1-0

[Event "HCL-B3786"]
[Site "www.playchess.de"]
[Date "2006.02.02"]
[Round "6"]
[White "Andron_Tr"]
[Black "Sporang"]
[WhiteElo "1200"]
[BlackElo "946"]
[PlyCount "62"]
[Result "1-0"]

1.e4 e5 2.Nf3 Nc6 3.Bc4 d6 4.O-O Bg4 5.h3 Bh5 
6.Be2 Nf6 7.Nc3 Be7 8.d3 h6 9.d4 exd4 10.Nxd4 Bxe2 
11.Ndxe2 O-O 12.Nf4 Ne5 13.Nfd5 Nxd5 14.Nxd5 c6 
15.Nf4 Bg5 16.Qd4 Bf6 17.Qc3 Re8 18.Qg3 Nc4 19.Nh5 
Rxe4 20.Bxh6 g6 21.Rae1 Nd2 22.Rxe4 Nxe4 23.Qg4 
Qe7 24.Re1 d5 25.Nxf6+ Qxf6 26.f3 Nd6 27.Bf4 Nf5 
28.Be5 Qh4 29.Qxh4 {(offering draw)}  Nxh4 30.Bf6 
{(offering draw)}  Nf5 {let's continue for a 
while, this is the interesting part of the game.}  
31.c3 {(offering draw) May be I will agree, but 
new game is better than this endshpil. :)}  
b5 1-0

[Event "HCL-C3976"]
[Site "www.playchess.de"]
[Date "2006.02.02"]
[Round "2"]
[White "tusnelda"]
[Black "lazaro_alves"]
[WhiteElo "1112"]
[BlackElo "1000"]
[PlyCount "75"]
[Result "1-0"]

1.e4 e5 2.d4 Qh4 3.Nf3 Qxe4+ 4.Be3 exd4 5.Nxd4 
Bb4+ 6.c3 Ba5 7.Nd2 Qg6 8.Nc4 Bb6 9.Ne5 Qf6 
10.Nef3 Ne7 11.Bg5 Qd6 12.Qe2 O-O 13.Bxe7 Qd5 
14.Bxf8 Kxf8 15.Qd3 Nc6 16.Qxh7 Nxd4 17.O-O-O d6 
18.Nxd4 Qxa2 19.Qh8+ Ke7 20.Re1+ Be6 21.Qxa8 Qa1+ 
22.Kd2 Qxb2+ 23.Kd3 Bxd4 24.Kxd4 c5+ 25.Kd3 Qb5+ 
26.Ke3 c4 27.Qxa7 Qe5+ 28.Kd2 Qg5+ 29.Re3 Kf6 
30.Qxb7 d5 31.g3 d4 32.cxd4 Qa5+ 33.Rc3 Qa2+ 
34.Rc2 Qa5+ 35.Ke3 c3 36.f3 g5 37.Bd3 Bf5 
38.Bxf5 1-0

[Event "HCL-C4103"]
[Site "www.playchess.de"]
[Date "2006.02.02"]
[Round "6"]
[White "Skipper_Robert"]
[Black "tbouma"]
[WhiteElo "1017"]
[BlackElo "1172"]
[PlyCount "49"]
[Result "1-0"]

1.e4 d5 2.e5 c5 3.d4 cxd4 4.Qxd4 Nc6 5.Qc3 d4 
6.Qg3 Bf5 7.Bd3 e6 8.f4 Bxd3 9.cxd3 Bb4+ 
{greetings from Ottawa, Canada!}  10.Bd2 Bxd2+ 
11.Nxd2 Nce7 12.Qxg7 Ng6 13.f5 Nf4 14.Qxh8 Nxg2+ 
15.Kf2 Qh4+ 16.Kxg2 Qg5+ 17.Kf1 Qxf5+ 18.Ngf3 Qh3+ 
19.Kf2 O-O-O 20.Rac1+ Kd7 21.Rcg1 Rc8 22.Rxg8 Rxg8 
23.Qxg8 Ke7 24.Rg1 b5 25.Rg7 1-0

[Event "HCL-C4121"]
[Site "www.playchess.de"]
[Date "2006.02.02"]
[Round "10"]
[White "newplayer"]
[Black "Skipper_Robert"]
[WhiteElo "1106"]
[BlackElo "1017"]
[PlyCount "95"]
[Result "1-0"]

1.e4 e5 2.d4 f6 3.d5 d6 4.Bb5+ Bd7 5.Bxd7+ {ahoy 
skipper}  Qxd7 {newplayer ahoi}  6.Qd3 Ne7 7.Nf3 
c6 8.c4 Na6 9.Bd2 c5 10.a3 Ng6 11.g3 Be7 12.b4 O-O 
13.b5 Nc7 14.a4 b6 15.a5 f5 16.Ng5 h6 17.Nf3 f4 
18.axb6 axb6 19.Rxa8 Rxa8 20.O-O Rf8 21.gxf4 exf4 
22.Nc3 Bf6 23.Na4 Qg4+ 24.Kh1 Rb8 25.Rg1 Qh5 
26.Ne1 Be5 27.Nf3 Nh4 28.Nxh4 Qxh4 29.f3 Bd4 
30.Rg2 Ne8 31.Qe2 Ra8 32.Qd1 Rb8 33.Be1 Nf6 
34.Bxh4 {hmm ich glaube hast einen fehler gemacht} 
 Nh5 {sieht so aus}  35.Rg6 Ra8 36.Rxd6 g5 37.Be1 
g4 38.fxg4 Nf6 39.Rxb6 Nxe4 40.Qc2 Ng5 41.h4 Nf3 
42.Qg6+ Kf8 43.Qxh6+ Bg7 44.Qxf4+ Kg8 45.Qxf3 Rxa4 
46.Rb7 Ra1 47.Qf7+ {das schiff sinkt}  Kh7 {Kinder 
und Frauen zuerst, mach´s gut}  48.Qxg7+ {bye bis 
zum naechsten mal}  1-0

[Event "HCL-C4136"]
[Site "www.playchess.de"]
[Date "2006.02.02"]
[Round "6"]
[White "chimiel"]
[Black "Ulpe"]
[WhiteElo "1562"]
[BlackElo "1583"]
[PlyCount "58"]
[Result "0-1"]

1.e4 c5 2.d4 cxd4 3.Qxd4 Nc6 4.Qe3 Nf6 5.Nc3 e6 
6.Bd2 Be7 7.O-O-O d5 8.e5 d4 9.Qg3 dxc3 10.exf6 
cxb2+ 11.Kxb2 Bxf6+ 12.Kc1 Qd4 13.Bc3 Qxc3 14.Qxc3 
Bxc3 15.Nf3 Bd7 16.Bc4 O-O-O 17.Ng5 Ne5 18.f4 Nxc4 
19.Nxf7 Bc6 20.Rxd8+ Rxd8 21.Nxd8 Bd2+ 22.Kb1 Kxd8 
23.Rd1 Bxg2 24.c3 Be4+ 25.Ka1 Ke7 26.Rxd2 Nxd2 
27.Kb2 Kf6 28.a4 Kf5 29.Ka3 Kxf4 0-1